000
00284nam a2200109Ia 4500
008
220216s9999 xx 000 0 und d
245
0
_a
Now: False allegations against natural rubber cultivation
260
_b
Planter
_c
2016
300
_a
59-61
650
_a
NR cultivation
942
_c
JS
999
_c
64121
_d
64121